|
|
|
|
| LEADER |
02607nam a2200625 i 4500 |
| 001 |
nkc20162863346 |
| 003 |
CZ PrNK |
| 005 |
20180212122013.0 |
| 007 |
ta |
| 008 |
171024s2016 xr ah e f 000 0 cze |
| 015 |
|
|
|a cnb002863346
|
| 020 |
|
|
|a 978-80-906196-4-7
|q (brožováno)
|
| 035 |
|
|
|a (OCoLC)1015188679
|
| 040 |
|
|
|a ABA001
|b cze
|e rda
|
| 043 |
|
|
|a e-xr---
|b e-xr-jm
|2 czenas
|
| 045 |
|
|
|a n-u-
|
| 072 |
|
7 |
|a 09
|x Rukopisy, prvotisky, staré tisky. Vzácná a pozoruhodná díla
|2 Konspekt
|9 12
|
| 080 |
|
|
|a 027.2
|2 MRF
|
| 080 |
|
|
|a 025:09
|2 MRF
|
| 080 |
|
|
|a 091
|2 MRF
|
| 080 |
|
|
|a 093/099
|2 MRF
|
| 080 |
|
|
|a (437.322)
|2 MRF
|
| 080 |
|
|
|a (036)
|2 MRF
|
| 100 |
1 |
|
|a Polívková, Hana
|7 jo2017969214
|4 aut
|
| 245 |
1 |
0 |
|a Poklady rajhradské knihovny /
|c text: Hana Polívková
|
| 264 |
|
1 |
|a [Rajhrad] :
|b Muzeum Brněnska, p.o., Památník písemnictví na Moravě,
|c 2016
|
| 300 |
|
|
|a 13 nečíslovaných stran :
|b barevné ilustrace, faksimile ;
|c 13 cm
|
| 336 |
|
|
|a text
|b txt
|2 rdacontent
|
| 336 |
|
|
|a statický obraz
|b sti
|2 rdacontent
|
| 337 |
|
|
|a bez média
|b n
|2 rdamedia
|
| 338 |
|
|
|a svazek
|b nc
|2 rdacarrier
|
| 500 |
|
|
|a Název z obálky
|
| 610 |
2 |
7 |
|a Klášter Rajhrad.
|b Knihovna
|7 kn20061105009
|2 czenas
|
| 648 |
|
7 |
|a 10.-14. století
|7 ch757123
|2 czenas
|
| 648 |
|
7 |
|a 10.-17. století
|7 ch757127
|2 czenas
|
| 650 |
0 |
7 |
|a klášterní knihovny
|7 ph121646
|z Česko
|2 czenas
|
| 650 |
0 |
7 |
|a vzácné knihovní fondy
|7 ph262214
|z Česko
|y 10.-17. století
|2 czenas
|
| 650 |
0 |
7 |
|a rukopisy
|7 ph116084
|z Česko
|y 10.-14. století
|2 czenas
|
| 650 |
0 |
7 |
|a vzácné tisky
|7 ph127318
|z Česko
|y 15.-17. století
|2 czenas
|
| 650 |
0 |
9 |
|a monastic libraries
|z Czechia
|2 eczenas
|
| 650 |
0 |
9 |
|a rare library collections
|z Czechia
|y 10th-17th centuries
|2 eczenas
|
| 650 |
0 |
9 |
|a manuscripts
|z Czechia
|y 10th-14th centuries
|2 eczenas
|
| 650 |
0 |
9 |
|a rare prints
|z Czechia
|y 15th-17th centuries
|2 eczenas
|
| 651 |
|
7 |
|a Rajhrad (Česko)
|7 ge130609
|2 czenas
|
| 651 |
|
9 |
|a Rajhrad (Czechia)
|2 eczenas
|
| 655 |
|
7 |
|a informační publikace
|7 fd132454
|2 czenas
|
| 655 |
|
9 |
|a information publications
|2 eczenas
|
| 856 |
4 |
1 |
|u http://www.digitalniknihovna.cz/mzk/uuid/uuid:fb7abe60-3edd-11e8-84e3-005056827e52
|y Digitalizovaný dokument
|x NDK
|
| 910 |
2 |
|
|a BOA001
|b S-1403.024
|
| 928 |
9 |
|
|a Památník písemnictví na Moravě (Muzeum Brněnska)
|
| 990 |
|
|
|a BK
|
| 995 |
|
|
|a 01
|
| 991 |
|
|
|b 201802
|c NOV
|
| 996 |
6 |
|
|b 2610734203
|c S-1403.024
|l MZK
|r Sklad / do 24 hodin
|n 0
|p p.v.
|w 001650587
|u 000010
|a 1
|e BOA001
|j MZK50
|s P
|
| 996 |
6 |
|
|b 2610734204
|c S-1403.024
|l MZK
|r Sklad / do 24 hodin
|n 0
|p p.v.
|w 001650587
|u 000020
|a 1
|e BOA001
|j MZK50
|s P
|